Los Países con el más Largo Total de Fronteras - Estadísticas

Estadísticas generales
  • Esta prueba ha sido intentada 8.351 veces
  • La puntuación promedio es 15 de 20
Estadísticas de respuestas
Fronteras País % Correcto
20,017 km Rusia
100%
22,117 km China
99%
12,034 km Estados Unidos
97%
14,691 km Brasil
96%
8,893 km Canadá
95%
9,665 km Argentina
94%
14,103 km India
92%
6,171 km Chile
90%
12,012 km Kazajistán
85%
8,220 km Mongolia
85%
10,730 km R.D. Congo
84%
6,343 km Argelia
73%
6,774 km Pakistán
69%
6,751 km Sudán
69%
5,968 km Chad
66%
6,004 km Colombia
64%
6,743 km Bolivia
58%
7,243 km Malí
57%
6,221 km Uzbekistán
46%
5,876 km Myanmar
29%
No se encontraron pruebas coincidentes
Distribución de puntuación
Porcentaje de gente con cada puntuación
Porcentaje por número respondido
Historial de tus puntuaciones
No has intentado esta prueba.